| 000 | 00000nam 2200000zi 4500 |
| 001 | 9.936392 |
| 003 | CaOODSP |
| 005 | 20240405124216 |
| 006 | m o d f |
| 007 | cr ||||||||||| |
| 008 | 240405s1990||||onc|||||ob f000 0 fre d |
| 040 | |aCaOODSP|bfre|erda|cCaOODSP |
| 043 | |an-cn--- |
| 086 | 1 |aJ3-8/1990-11F-PDF |
| 245 | 00|aDéclaration de la victime au tribunal au Canada. |nVolume 7. |pRésumé des conclusions. |
| 264 | 1|a[Ottawa] : |bSous-direction de la recherche et du développement, Secteur de la politique, des programmes et de la recherche, |c1990. |
| 300 | |a1 ressource en ligne (iv, 34 pages). |
| 336 | |atexte|btxt|2rdacontent/fre |
| 337 | |ainformatique|bc|2rdamedia/fre |
| 338 | |aressource en ligne|bcr|2rdacarrier/fre |
| 490 | 1 |aDocument de travail ; |vWD1990-11b. |
| 500 | |aÉdition numérisée de l'imprimé [par Ministère de la justice Canada]. |
| 500 | |aPublié aussi en anglais sous le titre : Victim impact statements in Canada. Volume 7. A summary of the findings. |
| 504 | |aComprend des références bibliographiques (page [35]). |
| 650 | 6|aVictimes d'actes criminels|zCanada. |
| 650 | 6|aVictimes d'actes criminels|xEnquêtes|zCanada. |
| 710 | 1 |aCanada.|bMinistère de la justice.|bSous-direction de la recherche et du développement, |eorganisme de publication. |
| 775 | 08|tVictim impact statements in Canada. |w(CaOODSP)9.936388 |
| 830 | #0|aDocument de travail ;|vWD1990-11b. |w(CaOODSP)9.502069 |
| 856 | 40|qPDF|s1.78 Mo|uhttps://publications.gc.ca/collections/collection_2024/jus/J3-8-1990-11-fra.pdf|yWD1998-9f |